Crystal-Field Engineering of Solid-State Laser Materials / (Record no. 16155)
[ view plain ]
| 000 -LEADER | |
|---|---|
| fixed length control field | 00859nam a22002057a 4500 |
| 008 - FIXED-LENGTH DATA ELEMENTS--GENERAL INFORMATION | |
| fixed length control field | 111025s2000 enk|||||r|||| 001 0 eng d |
| 020 ## - INTERNATIONAL STANDARD BOOK NUMBER | |
| International Standard Book Number | 0521593492 |
| 020 ## - INTERNATIONAL STANDARD BOOK NUMBER | |
| International Standard Book Number | 9780521593496 |
| 082 ## - DEWEY DECIMAL CLASSIFICATION NUMBER | |
| Edition number | 22 |
| Classification number | 621.3662 |
| Item number | HEN |
| 100 ## - MAIN ENTRY--PERSONAL NAME | |
| 9 (RLIN) | 27585 |
| Personal name | Henderson, Brain |
| 245 ## - TITLE STATEMENT | |
| Title | Crystal-Field Engineering of Solid-State Laser Materials / |
| Statement of responsibility, etc | Brian Henderson; Ralph H. Bartram |
| 260 ## - PUBLICATION, DISTRIBUTION, ETC. (IMPRINT) | |
| Place of publication, distribution, etc | Cambridge ; New York : |
| Name of publisher, distributor, etc | Cambridge University Press, 2000. |
| Date of publication, distribution, etc | 2000 |
| 300 ## - PHYSICAL DESCRIPTION | |
| Extent | xv, 398p : |
| Other physical details | ill. ; |
| Dimensions | 26 cm. |
| 490 ## - Series Statement | |
| -- | 27586 |
| Series statement | Cambridge Studies in Modern Optics |
| 504 ## - BIBLIOGRAPHY, ETC. NOTE | |
| Bibliography, etc | Includes bibliographical references (p. 372-391) and index. |
| 653 ## - INDEX TERM--UNCONTROLLED | |
| Resource For college | |
| Arrived date list | October2011 |
| 700 ## - ADDED ENTRY--PERSONAL NAME | |
| 9 (RLIN) | 27587 |
| Personal name | Bartram, Ralph H. |
| 942 ## - ADDED ENTRY ELEMENTS (KOHA) | |
| Source of classification or shelving scheme | Dewey Decimal Classification |
| Item type | Book - Borrowing |
| Withdrawn status | Item status | Source of classification or shelving scheme | Damaged status | Not for loan | Vendor | Home library | Current library | Shelving location | Date acquired | Source of acquisition | Cost, normal purchase price | Total Checkouts | Full call number | Barcode | Date last seen | Koha item type |
|---|---|---|---|---|---|---|---|---|---|---|---|---|---|---|---|---|
| Dewey Decimal Classification | سور الازبكية | Central Library | Central Library | First floor | 25/10/2011 | 160.00 | 621.3662 HEN | 000025476 | 15/07/2025 | Book - Borrowing |